STN EN ISO 11690-3 Akustika. Odporúčané postupy na navrhovanie nízkohlučných pracovísk vybavených strojovými zariadeniami. Časť 3: Šírenie zvuku a predpovedanie hluku na pracovisku (ISO/TR 11690-3: 1997)

Bibliographic Details
Format: Book
Language:Undetermined
PhysicalDescription:40 s.
Published: Bratislava Úrad pre normalizáciu, metrológiu a skúšobníctvo SR 2000

MARC

LEADER 00000nam a2200000 a 4500
001 vtls001426312
003 SK-MaSNL
005 20260224113119.0
008 180126sm y0 xo 0 und
035 |a SNK000381249 
040 |a SNK  |b slo  |c SNK  |e AACR2 
044 |a xo  |c SK 
245 1 |a STN EN ISO 11690-3 Akustika. Odporúčané postupy na navrhovanie nízkohlučných pracovísk vybavených strojovými zariadeniami. Časť 3: Šírenie zvuku a predpovedanie hluku na pracovisku (ISO/TR 11690-3: 1997) 
260 |a Bratislava  |b Úrad pre normalizáciu, metrológiu a skúšobníctvo SR  |c 2000 
300 |a 40 s. 
999 |c 985274  |d 987204 
952 |t P60, <03>, [BOOK], {603}  |a SNK  |b SNK  |y PREZ  |7 0  |p 17A0326505  |o snkSTN EN ISO 11690-3  |i snkN 2781/2001  |0 0  |1 0  |4 0  |d 2001-12-29  |l 0  |r 2005-01-02 00:00:00  |w 2026-02-24 
952 |t P60, <04>, [BOOK], {604}  |a SNK  |b SNK  |y VYP  |7 0  |p 17A0326506  |o snkSTN EN ISO 11690-3 D1  |i snkN 2782/2001  |0 0  |1 0  |4 0  |d 2001-12-29  |l 0  |r 2005-01-02 00:00:00  |w 2026-02-24